000 00623nam a2200241Ia 4500
005 20260430150235.0
008 008 250103s9999 xx 000 0 eng d
037 _aTheses
040 _aCRL
040 _beng
040 _ceng
041 _2eng
041 _aeng
084 _qCRL
100 _aChetan Au.; Devadawson Christel R. Gu.
_91236903
245 0 _aYouth and empire in kipling's fiction
260 _c2022
300 _a209p.
650 _aEnglish Fiction; English Literature
700 _aUniversity of Delhi. Faculty of Arts. Depatment of English
942 _cTH
999 _c1849300
_d1849300